000 01007nam a22002297a 4500
999 _c17399
_d17399
005 20251125232856.0
008 s2538 th tha d
040 _aNALT
041 _atha
100 0 _aไผทชิต เอกจริยกร
245 1 0 _aคู่มือศึกษาวิชากฎหมายพาณิชยนาวี
246 _aMaritime law
260 3 _aกรุงเทพฯ :
_bวิญญูชน,
_c2538
300 _a161 หน้า ;
_b 26 ซม.
650 0 4 _aกฎหมายพาณิชยนาวี -- คำถามและคำตอบ
650 0 4 _aพาณิชยนาวี -- กฎหมายและระเบียบข้อบังคับ -- คำถามและคำตอบ
850 _aNALT
856 4 0 _uhttps://hdl.handle.net/20.500.14156/302352
_71
942 _cLB
_2lcc
998 _j25
_k นีลวัสน์ อินทรักษา
090 _aKK81 ผ951ค 2538